000 00430nam a2200145Ia 4500
008 170221s9999 xx 000 0 und d
100 _aK.Nirmala Devi.
245 _aSocial Media Aided Sentiment Analysis in Forecasting
245 _cK.Nirmala Devi.
260 _bOnline Journal of Communication and Media Technologies
260 _c2014
650 _xCommunication
650 _xMedia Arts
856 _uhttp://www.ojcmt.net/
999 _c310522
_d310522